000
00284nam a22001217a 4500
008
181031b xxu||||| |||| 00| 0 eng d
041
_a
eng
080
_a
038
100
_a
12
101
_a
FJA
245
_a
An Etymological Dictionary of Modern English
_c
Weekley,E
942
_2
udc
_c
BK
999
_c
51286
_d
51286